<?xml version="1.0" encoding="UTF-8"?>
<record
    xmlns:xsi="http://www.w3.org/2001/XMLSchema-instance"
    xsi:schemaLocation="http://www.loc.gov/MARC21/slim http://www.loc.gov/standards/marcxml/schema/MARC21slim.xsd"
    xmlns="http://www.loc.gov/MARC21/slim">

  <leader>00743nam a22002177a 4500</leader>
  <controlfield tag="005">20170124110248.0</controlfield>
  <datafield tag="010" ind1=" " ind2=" ">
    <subfield code="a">B-106526</subfield>
  </datafield>
  <datafield tag="020" ind1=" " ind2=" ">
    <subfield code="c">225.00</subfield>
    <subfield code="a">8120324153</subfield>
  </datafield>
  <datafield tag="035" ind1=" " ind2=" ">
    <subfield code="a">B-106526</subfield>
  </datafield>
  <datafield tag="037" ind1=" " ind2=" ">
    <subfield code="b">Cen Lib/Ret</subfield>
  </datafield>
  <datafield tag="040" ind1=" " ind2=" ">
    <subfield code="a">DPL</subfield>
    <subfield code="b">EN</subfield>
  </datafield>
  <datafield tag="082" ind1=" " ind2=" ">
    <subfield code="a">005.13</subfield>
    <subfield code="b">ADV</subfield>
  </datafield>
  <datafield tag="110" ind1=" " ind2=" ">
    <subfield code="a">New Delhi.National Institiute of Information Technology </subfield>
    <subfield code="9">98099</subfield>
  </datafield>
  <datafield tag="245" ind1=" " ind2=" ">
    <subfield code="a">Advanced programming in java /</subfield>
  </datafield>
  <datafield tag="260" ind1=" " ind2=" ">
    <subfield code="b">Prentice Hall of India  Private Limited </subfield>
    <subfield code="a">New Delhi</subfield>
    <subfield code="c">2003</subfield>
  </datafield>
  <datafield tag="270" ind1=" " ind2=" ">
    <subfield code="b">New Delhi</subfield>
    <subfield code="a">M-97, Connaught Circus</subfield>
    <subfield code="e">110001</subfield>
  </datafield>
  <datafield tag="300" ind1=" " ind2=" ">
    <subfield code="a">vii,303p. :</subfield>
    <subfield code="c">24cm(pbk)</subfield>
    <subfield code="b">ill.</subfield>
  </datafield>
  <datafield tag="650" ind1=" " ind2=" ">
    <subfield code="a">Java (Computer program language) -- Syntax. </subfield>
    <subfield code="9">98100</subfield>
  </datafield>
  <datafield tag="650" ind1=" " ind2=" ">
    <subfield code="a">Object-oriented programming languages.</subfield>
    <subfield code="9">98101</subfield>
  </datafield>
  <datafield tag="942" ind1=" " ind2=" ">
    <subfield code="2">ddc</subfield>
    <subfield code="c">EN</subfield>
    <subfield code="h">005.13</subfield>
    <subfield code="m">ADV</subfield>
  </datafield>
  <datafield tag="999" ind1=" " ind2=" ">
    <subfield code="c">135706</subfield>
    <subfield code="d">135706</subfield>
  </datafield>
  <datafield tag="952" ind1=" " ind2=" ">
    <subfield code="0">0</subfield>
    <subfield code="1">0</subfield>
    <subfield code="4">0</subfield>
    <subfield code="7">0</subfield>
    <subfield code="a">L</subfield>
    <subfield code="b">L</subfield>
    <subfield code="d">2015-10-07</subfield>
    <subfield code="e">Cen Lib/Ret</subfield>
    <subfield code="g">225.00</subfield>
    <subfield code="l">0</subfield>
    <subfield code="o">005.13 ADV</subfield>
    <subfield code="p">B-106526</subfield>
    <subfield code="r">2015-10-07 00:00:00</subfield>
    <subfield code="t">1</subfield>
    <subfield code="v">225.00</subfield>
    <subfield code="w">2015-10-07</subfield>
    <subfield code="y">EN</subfield>
    <subfield code="z">Legal Case (Register 2019)</subfield>
  </datafield>
  <datafield tag="952" ind1=" " ind2=" ">
    <subfield code="0">0</subfield>
    <subfield code="1">0</subfield>
    <subfield code="2">ddc</subfield>
    <subfield code="4">0</subfield>
    <subfield code="7">0</subfield>
    <subfield code="8">NFIC</subfield>
    <subfield code="a">YV</subfield>
    <subfield code="b">YV</subfield>
    <subfield code="d">2018-10-26</subfield>
    <subfield code="e">BPPD/PUB</subfield>
    <subfield code="g">225.00</subfield>
    <subfield code="l">8</subfield>
    <subfield code="m">15</subfield>
    <subfield code="o">005.13 ADV</subfield>
    <subfield code="p">B-106559</subfield>
    <subfield code="r">2024-11-30 00:00:00</subfield>
    <subfield code="s">2024-11-07</subfield>
    <subfield code="v">225.00</subfield>
    <subfield code="w">2018-10-26</subfield>
    <subfield code="y">EN</subfield>
  </datafield>
</record>
